000 00316nam a22001337a 4500
008 230418b ||||| |||| 00| 0 eng d
041 _aSHQIP
080 _2BOTIMI I PARE
_a004
082 _a004SKE
100 _a18
101 _aSHKI
245 _aINFORMATIKA 2 MS EXCEL 97 MS WORD 97
_cSKENDER.S
942 _2udc
_cBK
999 _c59570
_d59570